00000000nam##2200000za#4500
0019.644987
003CaOODSP
00520200330132649
007ta
008150407|1991||||xxc|||||     f|0| 0 eng|d
020 |a0-662-18864-0
040 |aCaOODSP|beng
043 |an-cn---
0861 |aH68-30/1991E
1101 |aCanada.|bHealth and Welfare Canada. |bNational Council of Welfare.
24510|aFunding health and higher education: danger looming : |ba report by the National Council of Welfare
260 |aOttawa - Ontario : |bHealth and Welfare Canada. |c1991.
300 |a37p. : |bgraphs, tables ; |c28 cm.
563 |aSoftcover
77508|tLes dangers qui guettent le financement de la santé et de l'enseignement supérieur : |w(CaOODSP)9.678773
7760#|tFunding health and higher education : |w(CaOODSP)9.696553